[Event "Bamberg op-B 5th"]
[Site "Bamberg"]
[Date "2023.07.30"]
[Round "7"]
[White "Myllari, Mikko"]
[Black "Hotman, Cagan Arhan"]
[Result "0-1"]
[WhiteElo "1707"]
[BlackElo "1587"]
[PlyCount "64"]
[EventDate "2023.07.26"]
[EventType "swiss"]
[EventRounds "7"]
[EventCountry "GER"]
[SourceTitle "CBM 215 Extra"]
[Source "ChessBase"]
[SourceDate "2023.09.30"]
[SourceVersion "1"]
[SourceVersionDate "2023.09.30"]
[SourceQuality "1"]

1. b3 d5 2. Bb2 Bf5 3. e3 e6 4. f4 Nf6 5. Nf3 c5 6. Ne5 a6 7. Bd3 Bxd3 8. cxd3 d4 9. 0-0 Nc6 10. Qf3 Rc8 11. Na3 g6 12. Nac4 Bg7 13. Nxc6 Rxc6 14. Rac1 Nd7 15. exd4 cxd4 16. Ba3 Bf8 17. Bxf8 Kxf8 18. Ne5 Rc7 19. Nxd7+ Qxd7 20. Rc4 Kg7 21. Rfc1 Rhc8 22. Qe4 f6 23. Kf2 Rxc4 24. dxc4 a5 25. c5 b6 26. c6 Qd6 27. Ke2 Rc7 28. Kd3 e5 29. fxe5 fxe5 30. h4 Re7 31. Kc4 Qc5+ 32. Kd3 Qxc1 0-1

[Event "TUR Cup"]
[Site "Ankara"]
[Date "2021.12.12"]
[Round "7"]
[White "Yilmaz, Fatih"]
[Black "Hotman, Cagan Arhan"]
[Result "1/2-1/2"]
[WhiteElo "1294"]
[BlackElo "1568"]
[PlyCount "60"]
[EventDate "2021.12.08"]
[EventType "swiss"]
[EventRounds "9"]
[EventCountry "TUR"]
[SourceTitle "CBM 205 Extra"]
[Source "ChessBase"]
[SourceDate "2022.01.31"]
[SourceVersion "1"]
[SourceVersionDate "2022.01.31"]
[SourceQuality "1"]

1. d4 d5 2. Nf3 Nf6 3. Bf4 c5 4. e3 Nc6 5. Nbd2 Qb6 6. dxc5 Qxb2 7. Rb1 Qc3 8. Bb5 Bd7 9. 0-0 e6 10. Bd3 Bxc5 11. Rb3 Qa5 12. Rb5 Qc3 13. Nb1 Qa1 14. Rxc5 e5 15. Nc3 Qxd1 16. Rxd1 exf4 17. Nxd5 Nxd5 18. Rxd5 fxe3 19. Re1 0-0-0 20. Rxe3 Rhe8 21. Ne5 Nxe5 22. Rdxe5 Rxe5 23. Rxe5 Re8 24. Rc5+ Bc6 25. Kf1 Kc7 26. Rg5 g6 27. Bb5 Bxb5+ 28. Rxb5 Kc6 29. Rb3 Re7 30. Ra3 a6 1/2-1/2

[Event "Ankara op 02"]
[Site "Ankara"]
[Date "2020.02.16"]
[Round "7"]
[White "Hotman, Cagan Arhan"]
[Black "Yilmaz, Zulfikar Baran"]
[Result "1-0"]
[WhiteElo "1325"]
[BlackElo "1378"]
[PlyCount "105"]
[EventDate "2020.02.14"]
[EventType "swiss"]
[EventRounds "7"]
[EventCountry "TUR"]
[SourceTitle "CBM 195 Extra"]
[Source "ChessBase"]
[SourceDate "2020.05.31"]
[SourceVersion "1"]
[SourceVersionDate "2020.05.31"]
[SourceQuality "1"]

1. e4 c5 2. Nc3 d6 3. Bc4 Nf6 4. f4 g6 5. Nf3 Bg7 6. 0-0 0-0 7. d3 Nc6 8. h3 a6 9. a3 b5 10. Ba2 Be6 11. Nd5 a5 12. Ng5 Bxd5 13. exd5 Nd4 14. Ne4 b4 15. Bc4 Qb6 16. Ng3 Qb7 17. c3 Nb5 18. Bxb5 Qxb5 19. c4 Qb7 20. Qf3 Nd7 21. a4 b3 22. Ne4 Nb8 23. f5 Na6 24. f6 exf6 25. Nxf6+ Kh8 26. h4 Nb4 27. h5 h6 28. Qh3 g5 29. Qf5 Bxf6 30. Qxf6+ Kh7 31. Qxd6 Qa6 32. Qe7 Qa7 33. Qe5 Rae8 34. Qf5+ Kh8 35. Qf6+ Kh7 36. Bd2 Nc2 37. Qf5+ Kh8 38. Bc3+ Nd4 39. Qf6+ Kh7 40. Rae1 Re2 41. Bxd4 Rxg2+ 42. Kxg2 cxd4 43. Re7 Qb8 44. Rxf7+ Rxf7 45. Qxf7+ Kh8 46. Qf8+ Qxf8 47. Rxf8+ Kg7 48. Rf1 g4 49. d6 g3 50. d7 Kh7 51. d8Q Kg7 52. Qf8+ Kh7 53. Rf7# 1-0